Examining the relationship between economic growth, FDI and trade: VAR and causality analysis (Record no. 510257)

000 -LEADER
fixed length control field 00553nam a2200169 4500
008 - FIXED-LENGTH DATA ELEMENTS--GENERAL INFORMATION
fixed length control field 190808b ||||| |||| 00| 0 eng d
100 ## - MAIN ENTRY--PERSONAL NAME
Personal name Jamal, Aamir
245 ## - TITLE STATEMENT
Title Examining the relationship between economic growth, FDI and trade: VAR and causality analysis
260 ## - PUBLICATION, DISTRIBUTION, ETC. (IMPRINT)
Date of publication, distribution, etc 2019
300 ## - PHYSICAL DESCRIPTION
Extent p.25-39.
650 ## - SUBJECT ADDED ENTRY--TOPICAL TERM
Topical term or geographic name as entry element Foreign investment
9 (RLIN) 7939
650 ## - SUBJECT ADDED ENTRY--TOPICAL TERM
Topical term or geographic name as entry element International trade
9 (RLIN) 7940
700 ## - ADDED ENTRY--PERSONAL NAME
Personal name Bhat, Mudaser Ahad
9 (RLIN) 7941
773 ## - HOST ITEM ENTRY
Main entry heading IASSI Quarterly: Contributions to Indian Social Science
906 ## - LOCAL DATA ELEMENT F, LDF (RLIN)
Subject DIP Economic growth
942 ## - ADDED ENTRY ELEMENTS (KOHA)
Source of classification or shelving scheme
Item type Articles
Holdings
Withdrawn status Lost status Source of classification or shelving scheme Damaged status Not for loan Permanent location Current location Date acquired Serial Enumeration / chronology Barcode Date last seen Koha item type
          Indian Institute of Public Administration Indian Institute of Public Administration 2019-08-08 38(1), Jan-Mar, 2019: p.25-39. AR120208 2019-08-08 Articles

Powered by Koha